Najlepsi gracze NBA w latach 2020. - Statystyki

Ogólne statystyki
  • Ten quiz został rozwiązany 60 razy
  • Średni wynik to 10 z 20
Statystyki odpowiedzi
Punkty Zawodnik % Poprawnych
9 641 LeBron James
98%
9 071 Stephen Curry
94%
11 204 Nikola Jokić
90%
11 352 Luka Dončić
83%
9 060 James Harden
71%
11 793 Giannis Antetokounmpo
67%
11 429 Jayson Tatum
63%
10 405 Shai Gilgeous-Alexander
63%
9 097 Anthony Edwards
58%
8 940 Jaylen Brown
58%
8 690 Joel Embiid
48%
10 632 Devin Booker
44%
9 689 Damian Lillard
42%
9 875 Donovan Mitchell
27%
10 671 Trae Young
27%
10 361 DeMar DeRozan
25%
9 156 De'Aaron Fox
19%
8 880 Zach LaVine
19%
9 153 Pascal Siakam
17%
8 733 Julius Randle
2%
Nie znaleziono quizów pasujących do podanych kryteriów
Rozkład punktacji
Procent ludzi z każdym wynikiem
Percentyl według liczby udzielonych odpowiedzi
Twoja historia wyników
Nie rozwiązałeś tego quizu